000 00610nam a22002057a 4500
003 LK-CoMWRAF
005 20231020003859.0
008 231020b |||||||| |||| 00| 0 eng d
020 _a0175800405
040 _aLK-CoMWRAF
_dLK-CoMWRAF
_eLK-CoMWRAF
041 _aeng
082 _a428.24
_bETH
100 _aEtherton, A. R. B.
245 _aGeneral certificate English
260 _aWalton-on-Thames :
_bNelson,
_c1987
300 _avi,345p. : ill. ; 22cm.
650 _aEnglish language -- Text-books for foreign speakers
650 _aEnglish language For non-English speaking students
942 _cBK
999 _c3956
_d3956